<?xml version="1.0" encoding="UTF-8"?>
<record
    xmlns:xsi="http://www.w3.org/2001/XMLSchema-instance"
    xsi:schemaLocation="http://www.loc.gov/MARC21/slim http://www.loc.gov/standards/marcxml/schema/MARC21slim.xsd"
    xmlns="http://www.loc.gov/MARC21/slim">

  <leader>00741nam a2200205 a 4500</leader>
  <controlfield tag="001">000036883</controlfield>
  <controlfield tag="005">20200930080009.0</controlfield>
  <controlfield tag="008">120203s1996    ag a          000 0 spa d</controlfield>
  <datafield tag="040" ind1=" " ind2=" ">
    <subfield code="a">DO-SdBNP</subfield>
    <subfield code="b">spa</subfield>
    <subfield code="c">BNPHU</subfield>
  </datafield>
  <datafield tag="041" ind1="1" ind2="7">
    <subfield code="a">spa</subfield>
    <subfield code="h">eng</subfield>
  </datafield>
  <datafield tag="100" ind1="1" ind2=" ">
    <subfield code="a">Sandweiss, Samuel H.</subfield>
    <subfield code="9">63260</subfield>
  </datafield>
  <datafield tag="245" ind1="1" ind2="0">
    <subfield code="a">Sai Baba y el psiquiatra /</subfield>
    <subfield code="c">Samuel H. Sandweiss ;traducci&#xF3;n Mar&#xED;a Mart&#xED;nez de Vel&#xE1;zquez.</subfield>
  </datafield>
  <datafield tag="260" ind1=" " ind2=" ">
    <subfield code="a">Buenos Aires :</subfield>
    <subfield code="b">Errepar,</subfield>
    <subfield code="c">1996.</subfield>
  </datafield>
  <datafield tag="300" ind1=" " ind2=" ">
    <subfield code="a">312 p. :</subfield>
    <subfield code="b">il. ;</subfield>
    <subfield code="c">23 cm.</subfield>
  </datafield>
  <datafield tag="534" ind1=" " ind2=" ">
    <subfield code="p">T&#xED;t. original:</subfield>
    <subfield code="t">Sai Baba, the holy man ... and the psychiatrist</subfield>
  </datafield>
  <datafield tag="600" ind1="1" ind2="4">
    <subfield code="a">SATHYA SAI BABA,</subfield>
    <subfield code="d">1926-2011</subfield>
    <subfield code="9">63261</subfield>
  </datafield>
  <datafield tag="650" ind1="2" ind2="4">
    <subfield code="a">Psicolog&#xED;a de la religi&#xF3;n</subfield>
    <subfield code="9">34405</subfield>
  </datafield>
  <datafield tag="650" ind1="2" ind2="4">
    <subfield code="a">Juda&#xED;smo</subfield>
    <subfield code="9">24148</subfield>
  </datafield>
  <datafield tag="700" ind1="1" ind2=" ">
    <subfield code="a">Mart&#xED;nez de Vel&#xE1;zquez, Mar&#xED;a,</subfield>
    <subfield code="e">trad.</subfield>
    <subfield code="9">63262</subfield>
  </datafield>
  <datafield tag="999" ind1=" " ind2=" ">
    <subfield code="c">36374</subfield>
    <subfield code="d">36374</subfield>
  </datafield>
</record>
